'F' Movies by Picture II Quiz Stats

Quiz Updated Jul 21, 2014

Challenge
Share
Tweet
Score 0/25 Timer 06:00
10 Plays Today
Movie % Correct
Finding Nemo
98%
Freaky Friday
85.5%
The Flintstones in Viva Rock Vegas
84.5%
Father of the Bride
75.2%
The Fantastic Four
70.4%
The Fantastic Mr. Fox
66.1%
Field of Dreams
63.6%
Forgetting Sarah Marshall
62.3%
Frida
56.2%
Footloose
53.2%
Fred Claus
50.2%
Fast Five
49.1%
Fast Times at Ridgemont High
46.1%
Movie % Correct
First Wives Club
42.3%
Fiddler on the Roof
39%
Fever Pitch
38.7%
Fun With Dick and Jane
36.2%
First Blood
36%
Face/Off
33%
Falling Down
31.2%
Finding Forrester
31%
Flight Plan
26.4%
The Fly
23.1%
Fear
16.7%
From Hell
13.1%

You're not logged in!

Compare scores with friends on all Sporcle quizzes.
Join for Free
OR
Log In

You Might Also Like...

Show Comments

Extras

Top Quizzes Today


Score Distribution

Your Account Isn't Verified!

In order to create a playlist on Sporcle, you need to verify the email address you used during registration. Go to your Sporcle Settings to finish the process.

Report this User

Report this user for behavior that violates our Community Guidelines.

Details: